[Event "ESP-chT CECLUB Div1"]
[Site "Linares"]
[Date "2023.08.25"]
[Round "6.2"]
[White "Bacallao Alonso, Yusnel"]
[Black "Grigoryan, Karen H"]
[Result "1/2-1/2"]
[WhiteElo "2587"]
[BlackElo "2619"]
[PlyCount "65"]
[EventDate "2023.08.20"]
[EventType "team-tourn"]
[EventRounds "7"]
[EventCountry "ESP"]
[SourceTitle "CBM 215 Extra"]
[Source "ChessBase"]
[SourceDate "2023.09.30"]
[SourceVersion "1"]
[SourceVersionDate "2023.09.30"]
[SourceQuality "1"]
[WhiteTeam "Oromana CEN Solutions"]
[BlackTeam "Benalmadena Medio Ambiente"]
[WhiteTeamCountry "ESP"]
[BlackTeamCountry "ESP"]

1. d4 Nf6 2. Nf3 e6 3. c4 d5 4. Nc3 c5 5. cxd5 cxd4 6. Qxd4 exd5 7. Bg5 Be7 8. e3 0-0 9. Qa4 Qb6 10. Qb5 Be6 11. Qxb6 axb6 12. Bb5 h6 13. Bh4 Nc6 14. 0-0 g5 15. Bg3 Ne4 16. Bc7 Nxc3 17. bxc3 Ra3 18. Bxb6 Rfa8 19. Nd4 Nxd4 20. Bxd4 Rxa2 21. Rxa2 Rxa2 22. h3 Rb2 23. Bd3 Rd2 24. Bb1 Bf8 25. g4 Bg7 26. Bf5 Bxd4 27. cxd4 Rb2 28. Rc1 Kg7 29. Bxe6 fxe6 30. Rc7+ Kf6 31. Rh7 Kg6 32. Re7 Kf6 33. Rh7 1/2-1/2

[Event "POR-chT"]
[Site "Sao Joao da Madeira"]
[Date "2023.07.23"]
[Round "9.4"]
[White "Bacallao Alonso, Yusnel"]
[Black "Alonso Rosell, Alvar"]
[Result "1/2-1/2"]
[WhiteElo "2590"]
[BlackElo "2570"]
[PlyCount "114"]
[EventDate "2023.07.17"]
[EventType "team-tourn"]
[EventRounds "9"]
[EventCountry "POR"]
[SourceTitle "CBM 215 Extra"]
[Source "ChessBase"]
[SourceDate "2023.09.30"]
[SourceVersion "1"]
[SourceVersionDate "2023.09.30"]
[SourceQuality "1"]
[WhiteTeam "Montemor o Novo"]
[BlackTeam "Estrelas S Joao de Brito"]
[WhiteTeamCountry "POR"]
[BlackTeamCountry "POR"]

1. d4 Nf6 2. c4 e6 3. Nf3 d5 4. Nc3 Nbd7 5. cxd5 exd5 6. Bf4 c6 7. Qc2 Nh5 8. Bg5 Be7 9. Bxe7 Qxe7 10. e3 g6 11. h3 Nb6 12. g4 Nf6 13. Bd3 Be6 14. 0-0-0 0-0-0 15. Kb1 Kb8 16. Nd2 Ne8 17. Nb3 Nd6 18. f3 h5 19. Qf2 Bc8 20. Rde1 Ka8 21. Nc5 Qf6 22. Qg2 hxg4 23. fxg4 Nbc4 24. Qg3 Rde8 25. b3 Nd2+ 26. Kc1 N2e4 27. N5xe4 Nxe4 28. Bxe4 dxe4 29. Ref1 Qe7 30. Kb2 f5 31. g5 b6 32. h4 Rd8 33. Rf2 c5 34. dxc5 Qxc5 35. Rc1 Qd6 36. Qxd6 Rxd6 37. Nb5 Rd3 38. Rc7 Kb8 39. Rg7 Rxe3 40. Rxg6 Rf3 41. Rc2 e3 42. Rg7 Rf2 43. Re7 Rxh4 44. Rxe3 Rxc2+ 45. Kxc2 Bd7 46. Nd6 Kc7 47. Nf7 f4 48. Re7 f3 49. Ne5 Kd6 50. Nxf3 Bf5+ 51. Kd2 Rh3 52. Re3 Rg3 53. a3 a5 54. b4 axb4 55. axb4 Rg4 56. Kc3 Rg3 57. Kd2 Rg4 1/2-1/2

[Event "POR-chT"]
[Site "Sao Joao da Madeira"]
[Date "2023.07.22"]
[Round "8.2"]
[White "Del Rio de Angelis, Salvador Gabriel"]
[Black "Bacallao Alonso, Yusnel"]
[Result "1/2-1/2"]
[WhiteElo "2434"]
[BlackElo "2590"]
[PlyCount "60"]
[EventDate "2023.07.17"]
[EventType "team-tourn"]
[EventRounds "9"]
[EventCountry "POR"]
[SourceTitle "CBM 215 Extra"]
[Source "ChessBase"]
[SourceDate "2023.09.30"]
[SourceVersion "1"]
[SourceVersionDate "2023.09.30"]
[SourceQuality "1"]
[WhiteTeam "Assembleia Figueirense"]
[BlackTeam "Montemor o Novo"]
[WhiteTeamCountry "POR"]
[BlackTeamCountry "POR"]

1. d4 d5 2. c4 e6 3. cxd5 exd5 4. Nc3 c6 5. Bf4 Bd6 6. Bxd6 Qxd6 7. Qb3 Ne7 8. e3 0-0 9. Nf3 Nd7 10. Bd3 Nf6 11. h3 Bf5 12. Bxf5 Nxf5 13. 0-0 Qe7 14. Qc2 Nd6 15. Ne5 Nfe8 16. b4 Nc7 17. a4 a6 18. Nd3 Rae8 19. Rae1 Qh4 20. Nc5 Re7 21. Ne2 Rfe8 22. Rc1 Ne6 23. Ng3 g6 24. Ne2 Nc4 25. Nxe6 Rxe6 26. Qd1 h5 27. b5 axb5 28. axb5 Qg5 29. Nf4 Rf6 30. bxc6 bxc6 1/2-1/2

[Event "POR-chT"]
[Site "Sao Joao da Madeira"]
[Date "2023.07.19"]
[Round "4.2"]
[White "Bacallao Alonso, Yusnel"]
[Black "Garcia Molina, Jose"]
[Result "1-0"]
[WhiteElo "2590"]
[BlackElo "2261"]
[PlyCount "57"]
[EventDate "2023.07.17"]
[EventType "team-tourn"]
[EventRounds "9"]
[EventCountry "POR"]
[SourceTitle "CBM 215 Extra"]
[Source "ChessBase"]
[SourceDate "2023.09.30"]
[SourceVersion "1"]
[SourceVersionDate "2023.09.30"]
[SourceQuality "1"]
[WhiteTeam "Montemor o Novo"]
[BlackTeam "Ferroviarios do Barreiro"]
[WhiteTeamCountry "POR"]
[BlackTeamCountry "POR"]

1. d4 Nf6 2. Nf3 g6 3. Bf4 Bg7 4. h3 d6 5. e3 0-0 6. Be2 b6 7. 0-0 Bb7 8. a4 a5 9. Na3 Nbd7 10. Bh2 Ne4 11. Nb5 e5 12. c3 Rc8 13. Rc1 Qe7 14. Re1 Kh8 15. Bf1 f5 16. c4 g5 17. Nd2 Nef6 18. c5 dxc5 19. Nc4 Nd5 20. dxe5 Nb4 21. f4 Rfd8 22. Qh5 Bd5 23. Red1 Qe6 24. Qxg5 Rg8 25. Qh5 Bf8 26. Nc3 Bc6 27. e4 Rg7 28. Qxf5 Qg8 29. e6 1-0

[Event "POR-chT"]
[Site "Sao Joao da Madeira"]
[Date "2023.07.18"]
[Round "3.4"]
[White "Plat, Vojtech"]
[Black "Bacallao Alonso, Yusnel"]
[Result "0-1"]
[WhiteElo "2516"]
[BlackElo "2590"]
[PlyCount "100"]
[EventDate "2023.07.17"]
[EventType "team-tourn"]
[EventRounds "9"]
[EventCountry "POR"]
[SourceTitle "CBM 215 Extra"]
[Source "ChessBase"]
[SourceDate "2023.09.30"]
[SourceVersion "1"]
[SourceVersionDate "2023.09.30"]
[SourceQuality "1"]
[WhiteTeam "EPGaia"]
[BlackTeam "Montemor o Novo"]
[WhiteTeamCountry "POR"]
[BlackTeamCountry "POR"]

1. e4 c6 2. d4 d5 3. exd5 cxd5 4. Bd3 Nc6 5. c3 Qc7 6. Ne2 Bg4 7. 0-0 e6 8. Qe1 Nf6 9. f3 Bh5 10. Qh4 Rg8 11. Bf4 Qb6 12. b4 Bg6 13. Bxg6 hxg6 14. Nd2 Nh5 15. Bg5 Be7 16. Bxe7 Nxe7 17. Rfc1 Nf5 18. Qf2 Nd6 19. c4 dxc4 20. Nxc4 Nxc4 21. Rxc4 Kd7 22. Nc3 Rgc8 23. Na4 Qb5 24. Nc5+ Ke7 25. Qh4+ Nf6 26. d5 g5 27. d6+ Kxd6 28. Rd4+ Ke7 29. Qxg5 Rd8 30. a4 Qb6 31. Rad1 Rxd4 32. Rxd4 Rd8 33. a5 Qc7 34. Qe3 Rxd4 35. Qxd4 b6 36. Nb3 Qc2 37. axb6 axb6 38. Qxb6 Qxb3 39. Qc5+ Kd7 40. Qb5+ Kd8 41. Qb6+ Ke8 42. h4 Qc4 43. h5 Nd5 44. Qb8+ Ke7 45. b5 Qd4+ 46. Kf1 Qd2 47. Qg3 Qc1+ 48. Kf2 Qc5+ 49. Ke1 Qxb5 50. Qg5+ Kf8 0-1

[Event "Titled Tuesday intern op 02nd May Early"]
[Site "Chess.com INT"]
[Date "2023.05.02"]
[Round "7"]
[White "Bacallao Alonso, Yusnel"]
[Black "Spitzl, Vinzent"]
[Result "1-0"]
[WhiteElo "2590"]
[BlackElo "2365"]
[PlyCount "45"]
[EventDate "2023.05.02"]
[EventType "swiss (blitz)"]
[EventRounds "11"]
[EventCountry "USA"]
[SourceTitle "EXT 2024"]
[Source "ChessBase"]
[SourceDate "2023.10.10"]
[SourceVersion "1"]
[SourceVersionDate "2023.10.10"]
[SourceQuality "1"]

1. d4 d5 2. c4 e6 3. Nf3 Nf6 4. Nc3 Bb4 5. Qa4+ Nc6 6. a3 Bxc3+ 7. bxc3 0-0 8. Bg5 h6 9. Bh4 Re8 10. e3 e5 11. Bxf6 gxf6 12. cxd5 Qxd5 13. Bc4 Qd6 14. 0-0 Be6 15. d5 Bxd5 16. Rfd1 Ne7 17. Bxd5 Nxd5 18. Qg4+ Kh8 19. Qh5 Qe6 20. Rxd5 Qxd5 21. Nh4 Kg8 22. Nf5 Re6 23. Qxh6 1-0

[Event "Titled Tuesday intern op 02nd May Early"]
[Site "Chess.com INT"]
[Date "2023.05.02"]
[Round "8"]
[White "Goncalves, Davi Sulzbacher"]
[Black "Bacallao Alonso, Yusnel"]
[Result "0-1"]
[WhiteElo "2282"]
[BlackElo "2590"]
[PlyCount "68"]
[EventDate "2023.05.02"]
[EventType "swiss (blitz)"]
[EventRounds "11"]
[EventCountry "USA"]
[SourceTitle "EXT 2024"]
[Source "ChessBase"]
[SourceDate "2023.10.10"]
[SourceVersion "1"]
[SourceVersionDate "2023.10.10"]
[SourceQuality "1"]

1. Nf3 d5 2. d4 e6 3. c4 a6 4. g3 dxc4 5. Bg2 Nc6 6. 0-0 Rb8 7. b3 cxb3 8. axb3 Nf6 9. Bb2 Be7 10. Qc2 0-0 11. Rd1 Nb4 12. Qc1 b6 13. Ne5 Bb7 14. f3 Qc8 15. Ba3 c5 16. Bxb4 cxb4 17. Nd2 Nd5 18. Ndc4 Nc3 19. Rd2 b5 20. Nb6 Qc7 21. Nbd7 a5 22. Nxf8 Bxf8 23. e3 a4 24. bxa4 bxa4 25. Nd3 Ba6 26. Bf1 Bxd3 27. Rxd3 a3 28. Kg2 Rc8 29. Qc2 g6 30. Rc1 Qb7 31. Qb3 Qd5 32. Rdxc3 Qxb3 33. Rxc8 a2 34. R8c2 Qxc2+ 0-1

[Event "Titled Tuesday intern op 25th Apr Early"]
[Site "Chess.com INT"]
[Date "2023.04.25"]
[Round "4"]
[White "Akkarakaran, John Veny"]
[Black "Bacallao Alonso, Yusnel"]
[Result "1-0"]
[WhiteElo "2110"]
[BlackElo "2590"]
[PlyCount "113"]
[EventDate "2023.04.25"]
[EventType "swiss (blitz)"]
[EventRounds "11"]
[EventCountry "USA"]
[SourceTitle "EXT 2024"]
[Source "ChessBase"]
[SourceDate "2023.10.10"]
[SourceVersion "1"]
[SourceVersionDate "2023.10.10"]
[SourceQuality "1"]

1. e4 c6 2. Nf3 d5 3. Nc3 dxe4 4. Nxe4 Nf6 5. Qe2 Bf5 6. Nxf6+ gxf6 7. d4 Qd5 8. c3 Nd7 9. g3 Qe4 10. Be3 e5 11. Bg2 Qd3 12. Qxd3 Bxd3 13. 0-0-0 Bg6 14. Rhe1 Bg7 15. dxe5 fxe5 16. Bh3 Nb6 17. Bxb6 axb6 18. Nxe5 Kf8 19. Nd7+ Kg8 20. f4 h5 21. f5 Bh7 22. Nxb6 Bh6+ 23. Kc2 Ra5 24. Rd8+ Kg7 25. Rxh8 Kxh8 26. Re7 Kg8 27. Rxb7 Bxf5+ 28. Bxf5 Rxf5 29. a4 Be3 30. Nc4 Bg1 31. a5 Rc5 32. Kb3 Rd5 33. a6 Rd1 34. Ka2 Rf1 35. a7 Bxa7 36. Rxa7 Rf2 37. Rc7 Rxh2 38. Rxc6 Rg2 39. Ka3 Rxg3 40. Nd6 Rg5 41. Rc4 Kg7 42. b4 Rg6 43. Nf5+ Kf6 44. Ne3 Rg3 45. Nd5+ Ke5 46. Nc7 Kd6 47. Rc5 h4 48. Nb5+ Ke6 49. Rh5 h3 50. Kb3 Kf6 51. Nd4 Kg6 52. Rh8 Kg7 53. Nf5+ Kxh8 54. Nxg3 h2 55. b5 f5 56. Nh1 f4 57. b6 1-0

[Event "Titled Tuesday intern op 18th Apr Early"]
[Site "Chess.com INT"]
[Date "2023.04.18"]
[Round "9"]
[White "Bacallao Alonso, Yusnel"]
[Black "Dehtiarov, Roman"]
[Result "1-0"]
[WhiteElo "2590"]
[BlackElo "2300"]
[PlyCount "89"]
[EventDate "2023.04.18"]
[EventType "swiss (blitz)"]
[EventRounds "11"]
[EventCountry "USA"]
[SourceTitle "EXT 2024"]
[Source "ChessBase"]
[SourceDate "2023.10.10"]
[SourceVersion "1"]
[SourceVersionDate "2023.10.10"]
[SourceQuality "1"]

1. d4 Nf6 2. Nf3 d5 3. c4 e6 4. Nc3 Be7 5. Bf4 0-0 6. e3 b6 7. Bd3 Bb7 8. cxd5 exd5 9. 0-0 a6 10. h3 Nbd7 11. Rc1 Rc8 12. Qe2 b5 13. Ne5 c5 14. Bf5 cxd4 15. exd4 Re8 16. Qf3 g6 17. Bxd7 Nxd7 18. Nxf7 Qb6 19. Ne5 Nf6 20. Bg5 Rf8 21. Bxf6 Bxf6 22. Nxd5 Bxd5 23. Qxd5+ Kh8 24. Nd7 Qxd4 25. Qxd4 Bxd4 26. Nxf8 Rxf8 27. Rc2 Rf6 28. b3 h5 29. h4 Rf4 30. g3 Rf5 31. Kg2 g5 32. Rd1 Bc5 33. hxg5 Rxg5 34. Rd7 h4 35. b4 Bxb4 36. Rc8+ Rg8 37. Rc6 Rf8 38. Rh6+ Kg8 39. Rg6+ Kh8 40. Rh6+ Kg8 41. Rxh4 Bc5 42. Rg4+ Kh8 43. f4 Re8 44. Rd5 Ba7 45. Rh5# 1-0

[Event "Titled Tuesday intern op 18th Apr Early"]
[Site "Chess.com INT"]
[Date "2023.04.18"]
[Round "5"]
[White "Bacallao Alonso, Yusnel"]
[Black "Steinberg, Nitzan"]
[Result "1-0"]
[WhiteElo "2590"]
[BlackElo "2546"]
[PlyCount "113"]
[EventDate "2023.04.18"]
[EventType "swiss (blitz)"]
[EventRounds "11"]
[EventCountry "USA"]
[SourceTitle "EXT 2024"]
[Source "ChessBase"]
[SourceDate "2023.10.10"]
[SourceVersion "1"]
[SourceVersionDate "2023.10.10"]
[SourceQuality "1"]

1. d4 Nf6 2. Nf3 g6 3. Bf4 Bg7 4. e3 0-0 5. h3 b6 6. a4 a6 7. Be2 Bb7 8. 0-0 d6 9. c4 Nbd7 10. Nc3 Ne4 11. Bh2 Nxc3 12. bxc3 a5 13. c5 dxc5 14. Qb3 e6 15. Rfd1 Qc8 16. Bb5 Bxf3 17. gxf3 Nf6 18. dxc5 bxc5 19. Bc6 Rb8 20. Qc4 Nd5 21. Rac1 Rd8 22. Kg2 Rb2 23. Bxd5 exd5 24. Rxd5 Rxd5 25. Qxd5 Bf8 26. Rd1 Qe8 27. Bf4 Qxa4 28. Qd8 Qc2 29. Bg3 a4 30. Rd7 Rb1 31. Qe8 Qf5 32. Rd8 Kg7 33. Qxf8+ Kf6 34. Qh8+ Ke6 35. Re8+ Kd7 36. Rc8 Kc6 37. Rxc7+ Kb5 38. Qa8 Qc2 39. Rb7+ Kc4 40. Rxb1 Qxb1 41. Qxa4+ Kxc3 42. Be5+ Kd2 43. Qc4 Qc2 44. Qxc2+ Kxc2 45. f4 Kd3 46. Kf3 c4 47. e4 f5 48. exf5 gxf5 49. Kg3 c3 50. Kh4 c2 51. Bb2 Ke2 52. Kg5 Kxf2 53. Kxf5 Kg3 54. Ke5 Kxh3 55. f5 Kg4 56. f6 h5 57. f7 1-0

[Event "Titled Tuesday intern op 18th Apr Early"]
[Site "Chess.com INT"]
[Date "2023.04.18"]
[Round "10"]
[White "Bacallao Alonso, Yusnel"]
[Black "Svane, Rasmus"]
[Result "1/2-1/2"]
[WhiteElo "2590"]
[BlackElo "2621"]
[PlyCount "142"]
[EventDate "2023.04.18"]
[EventType "swiss (blitz)"]
[EventRounds "11"]
[EventCountry "USA"]
[SourceTitle "EXT 2024"]
[Source "ChessBase"]
[SourceDate "2023.10.10"]
[SourceVersion "1"]
[SourceVersionDate "2023.10.10"]
[SourceQuality "1"]

1. d4 Nf6 2. Nf3 d5 3. c4 e6 4. Nc3 a6 5. cxd5 exd5 6. Bg5 Be6 7. Qb3 Nbd7 8. e3 Bd6 9. Bd3 Qb8 10. Bf4 Bxf4 11. exf4 c5 12. f5 c4 13. Qa3 cxd3 14. fxe6 fxe6 15. 0-0 Qd8 16. Rfe1 Qe7 17. Qb3 b5 18. Rad1 0-0 19. Rxd3 Qd6 20. Rde3 Rfe8 21. h3 h6 22. Qc2 Rac8 23. Qg6 Nf8 24. Qd3 Re7 25. Ne5 N6d7 26. Ng4 Rf7 27. Rg3 Kh8 28. Qe3 Qf4 29. Qd3 Qd6 30. a3 Rc4 31. Ree3 b4 32. axb4 Qxb4 33. Ref3 Rxf3 34. Qxf3 Qe7 35. Qe3 Qg5 36. f4 Qf5 37. Ne5 Nxe5 38. fxe5 Ng6 39. Rf3 Qg5 40. Qf2 Kh7 41. Kh2 Qh4 42. Rg3 Rxd4 43. Qf7 Qh5 44. Qxe6 Rd2 45. Nxd5 Re2 46. Nf6+ gxf6 47. Qf7+ Kh8 48. Qxf6+ Kh7 49. Qf7+ Kh8 50. Qxg6 Qxg6 51. Rxg6 Rxb2 52. Rxh6+ Kg7 53. Rxa6 Re2 54. e6 Kf6 55. h4 Kf5 56. Kh3 Re3+ 57. g3 Re4 58. Ra5+ Kxe6 59. Rg5 Kf6 60. Rg4 Re3 61. Rf4+ Kg6 62. Kg4 Re5 63. h5+ Kg7 64. Rf5 Re3 65. Kh4 Kh6 66. g4 Re4 67. Rf6+ Kg7 68. Kg5 Rxg4+ 69. Kxg4 Kxf6 70. h6 Kg6 71. h7 Kxh7 1/2-1/2

[Event "Titled Tuesday intern op 04th Apr Late"]
[Site "Chess.com INT"]
[Date "2023.04.04"]
[Round "10"]
[White "Bacallao Alonso, Yusnel"]
[Black "Jovic, Stanoje"]
[Result "1/2-1/2"]
[WhiteElo "2590"]
[BlackElo "2087"]
[PlyCount "91"]
[EventDate "2023.04.04"]
[EventType "swiss (blitz)"]
[EventRounds "11"]
[EventCountry "USA"]
[SourceTitle "EXT 2024"]
[Source "ChessBase"]
[SourceDate "2023.10.10"]
[SourceVersion "1"]
[SourceVersionDate "2023.10.10"]
[SourceQuality "1"]

1. d4 Nf6 2. c4 e6 3. Nf3 b6 4. g3 Ba6 5. Qc2 Bb4+ 6. Nbd2 0-0 7. e4 d5 8. cxd5 Bxf1 9. Kxf1 Bxd2 10. Bxd2 exd5 11. e5 Ne4 12. Rc1 c5 13. dxc5 bxc5 14. Kg2 Nc6 15. Rhd1 f6 16. e6 Re8 17. Be3 c4 18. Qa4 Rxe6 19. Rxc4 Ne7 20. Rc2 Qe8 21. Qxe8+ Rxe8 22. Nd4 Ra6 23. b3 Rc8 24. Rdc1 Rxc2 25. Rxc2 Kf7 26. Nb5 g5 27. a4 Nf5 28. Bxa7 g4 29. Rc7+ Kg6 30. Be3 Re6 31. Bf4 Ng5 32. Bxg5 fxg5 33. Rc2 Re1 34. Rd2 Rb1 35. Nd4 Nxd4 36. Rxd4 Rxb3 37. Rxd5 Ra3 38. a5 h5 39. Rd6+ Kf5 40. a6 h4 41. gxh4 gxh4 42. Rd5+ Kf4 43. Rd4+ Kf5 44. Rd5+ Kf4 45. Rd4+ Kf5 46. Rd5+ 1/2-1/2

[Event "Santiago de Compostela Bicapawn GP B4"]
[Site "Santiago de Compostela"]
[Date "2022.10.21"]
[Round "1"]
[White "Bacallao Alonso, Yusnel"]
[Black "Cordido Sixto, Pablo"]
[Result "1-0"]
[WhiteElo "2590"]
[BlackElo "1917"]
[PlyCount "77"]
[EventDate "2022.10.21"]
[EventType "swiss (blitz)"]
[EventRounds "9"]
[EventCountry "ESP"]
[SourceTitle "CBM 210 Extra"]
[Source "ChessBase"]
[SourceDate "2022.11.30"]
[SourceVersion "1"]
[SourceVersionDate "2022.11.30"]
[SourceQuality "1"]

1. d4 Nf6 2. Nf3 c5 3. c3 Qc7 4. Bg5 g6 5. Bxf6 exf6 6. dxc5 Qxc5 7. e3 Bg7 8. Nbd2 d5 9. Nb3 Qc6 10. Nfd4 Qb6 11. Bb5+ Bd7 12. a4 0-0 13. Bxd7 Nxd7 14. 0-0 Ne5 15. a5 Qd8 16. Nd2 Qe7 17. Qb3 Rfd8 18. Rfd1 Rac8 19. a6 b6 20. N2f3 Nc4 21. Nb5 f5 22. Rd3 Rc5 23. Nbd4 Qd6 24. Nc2 f4 25. exf4 Qxf4 26. Nb4 Qf5 27. Rad1 Na5 28. Qa2 Nc6 29. Nxc6 Rxc6 30. Rxd5 Rxd5 31. Qxd5 Qc8 32. Qd8+ Bf8 33. Qxc8 Rxc8 34. Rd7 Rc5 35. Rxa7 Ra5 36. g4 b5 37. b4 Ra2 38. Ne5 Kg7 39. Rxf7+ 1-0

[Event "Santiago de Compostela Bicapawn GP B4"]
[Site "Santiago de Compostela"]
[Date "2022.10.21"]
[Round "2"]
[White "Mejuto de Ulloa, Jorge"]
[Black "Bacallao Alonso, Yusnel"]
[Result "0-1"]
[WhiteElo "2107"]
[BlackElo "2590"]
[PlyCount "56"]
[EventDate "2022.10.21"]
[EventType "swiss (blitz)"]
[EventRounds "9"]
[EventCountry "ESP"]
[SourceTitle "CBM 210 Extra"]
[Source "ChessBase"]
[SourceDate "2022.11.30"]
[SourceVersion "1"]
[SourceVersionDate "2022.11.30"]
[SourceQuality "1"]

1. Nf3 d5 2. g3 g6 3. Bg2 Bg7 4. d4 c6 5. 0-0 Nf6 6. b3 0-0 7. Bb2 a5 8. a3 Bg4 9. Ne5 Bf5 10. h3 Nbd7 11. g4 Be6 12. f4 Nxe5 13. dxe5 Ne4 14. f5 Bc8 15. Nd2 gxf5 16. gxf5 Ng3 17. f6 exf6 18. exf6 Bh6 19. Rf3 Qb6+ 20. Kh2 Nh5 21. e4 Kh8 22. exd5 cxd5 23. Nf1 Rg8 24. Qxd5 Qc7+ 25. Be5 Qxc2 26. Rc3 Qf5 27. Rf3 Qg5 28. Rd1 Qxg2# 0-1

[Event "Santiago de Compostela Bicapawn GP B3"]
[Site "Santiago de Compostela"]
[Date "2022.10.20"]
[Round "2"]
[White "Bacallao Alonso, Yusnel"]
[Black "Davtyan, David"]
[Result "1/2-1/2"]
[WhiteElo "2590"]
[BlackElo "2332"]
[PlyCount "136"]
[EventDate "2022.10.20"]
[EventType "swiss (blitz)"]
[EventRounds "9"]
[EventCountry "ESP"]
[SourceTitle "CBM 210 Extra"]
[Source "ChessBase"]
[SourceDate "2022.11.30"]
[SourceVersion "1"]
[SourceVersionDate "2022.11.30"]
[SourceQuality "1"]

1. d4 Nf6 2. Nf3 g6 3. c4 Bg7 4. Nc3 d6 5. e4 0-0 6. Be2 c5 7. d5 e6 8. 0-0 exd5 9. exd5 Re8 10. h3 Bf5 11. Nh4 Ne4 12. Nxf5 gxf5 13. Nxe4 fxe4 14. Bf4 Qe7 15. Qd2 Nd7 16. Rae1 Ne5 17. b3 Ng6 18. Bg5 f6 19. Be3 f5 20. f4 Qf6 21. Rc1 Qb2 22. Rc2 Qf6 23. Kh2 Re7 24. Rg1 Rf8 25. Bd1 Bh6 26. g3 Rg7 27. Qe1 Kh8 28. Rf2 Rgg8 29. Bd2 Bg7 30. g4 Re8 31. g5 Qd4 32. Be3 Qc3 33. Qxc3 Bxc3 34. Kg3 Bd4 35. Re1 a6 36. h4 b5 37. Rc2 Rgf8 38. Bh5 Re7 39. Rcc1 Bxe3 40. Rxe3 Ne5 41. Be2 bxc4 42. Bxc4 Ng4 43. Re2 h5 44. Bxa6 e3 45. Bd3 Nf2 46. Rc3 Ne4+ 47. Bxe4 Rxe4 48. Rcxe3 Rd4 49. Re7 Rd3+ 50. R2e3 Rxd5 51. R3e6 Rd3+ 52. Kf2 Ra8 53. Re8+ Rxe8 54. Rxe8+ Kg7 55. Re3 Rd2+ 56. Re2 Rd1 57. a4 Rb1 58. Rd2 Rxb3 59. Rxd6 Rb4 60. a5 Rxf4+ 61. Ke3 Rxh4 62. a6 Ra4 63. Rc6 h4 64. Kf3 Kf7 65. Rf6+ Kg7 66. Rxf5 Rxa6 67. Rxc5 Ra4 68. Rc6 Rb4 1/2-1/2

[Event "Santiago de Compostela Bicapawn GP B3"]
[Site "Santiago de Compostela"]
[Date "2022.10.20"]
[Round "4"]
[White "Bacallao Alonso, Yusnel"]
[Black "Sosa, Tomas Sebastian"]
[Result "0-1"]
[WhiteElo "2590"]
[BlackElo "2548"]
[PlyCount "162"]
[EventDate "2022.10.20"]
[EventType "swiss (blitz)"]
[EventRounds "9"]
[EventCountry "ESP"]
[SourceTitle "CBM 210 Extra"]
[Source "ChessBase"]
[SourceDate "2022.11.30"]
[SourceVersion "1"]
[SourceVersionDate "2022.11.30"]
[SourceQuality "1"]

1. d4 Nf6 2. Nf3 e6 3. c4 d5 4. Nc3 dxc4 5. e4 b5 6. Nxb5 Nxe4 7. Bxc4 Bb4+ 8. Kf1 0-0 9. Bd3 Nf6 10. h4 Ba6 11. h5 h6 12. Rh3 c6 13. Nc3 Bxd3+ 14. Qxd3 Bxc3 15. bxc3 Qd5 16. Bf4 Nbd7 17. Re1 Qxa2 18. Kg1 Qd5 19. Ne5 a5 20. c4 Nxe5 21. Bxe5 Qd8 22. Rg3 Nxh5 23. Rh3 Qg5 24. Qf3 g6 25. Re4 Qf5 26. Qe2 Ng7 27. Rxh6 f6 28. Bd6 Rfd8 29. Be7 Rd7 30. Ba3 Qg5 31. Rh3 Rb8 32. Rg3 Qh6 33. Qc2 Kf7 34. Rh3 Qg5 35. Rg3 Qf5 36. Rf3 Qh5 37. Re1 Nf5 38. d5 cxd5 39. cxd5 e5 40. Qc6 Rbd8 41. Qe6+ Kg7 42. Rh3 Qg4 43. f3 Qd4+ 44. Kh2 Qxd5 45. Qb6 Qd4 46. Qb1 Qf4+ 47. Kg1 Qd4+ 48. Kh2 Rh8 49. Rxh8 Kxh8 50. Qb8+ Rd8 51. Qb1 Qh4+ 52. Kg1 Qd4+ 53. Kh2 Kg7 54. Qb7+ Rd7 55. Qb1 Qh4+ 56. Kg1 Ng3 57. Qc1 Qd4+ 58. Kh2 Qh4+ 59. Kg1 Nh5 60. Re4 Nf4 61. Qe1 Qg5 62. g3 Nh5 63. Rg4 Qf5 64. Qe2 Qb1+ 65. Kg2 Qb3 66. Bc1 Qc3 67. Qe4 Qd3 68. Rxg6+ Kf7 69. Qxd3 Rxd3 70. Rh6 Ng7 71. Rh8 Rc3 72. Bh6 Nf5 73. g4 Nh4+ 74. Kg3 Nxf3 75. Ra8 Kg6 76. Bf8 Ng5+ 77. Kg2 Ne4 78. Rxa5 Rg3+ 79. Kh2 Rxg4 80. Ra7 Kf5 81. Bb4 Ng5 0-1

[Event "Santiago de Compostela Bicapawn GP B2"]
[Site "Santiago de Compostela"]
[Date "2022.10.20"]
[Round "2"]
[White "Davtyan, David"]
[Black "Bacallao Alonso, Yusnel"]
[Result "1-0"]
[WhiteElo "2332"]
[BlackElo "2590"]
[PlyCount "55"]
[EventDate "2022.10.20"]
[EventType "swiss (blitz)"]
[EventRounds "9"]
[EventCountry "ESP"]
[SourceTitle "CBM 210 Extra"]
[Source "ChessBase"]
[SourceDate "2022.11.30"]
[SourceVersion "1"]
[SourceVersionDate "2022.11.30"]
[SourceQuality "1"]

1. d4 Nf6 2. c4 g6 3. g3 Bg7 4. Bg2 0-0 5. Nc3 d6 6. Nf3 Nc6 7. 0-0 a6 8. Bf4 Bf5 9. d5 Na5 10. Nd2 c5 11. e4 Bg4 12. Qc2 Be2 13. Rfe1 Bxc4 14. a4 Qb6 15. Ra3 Qb4 16. e5 Ng4 17. exd6 exd6 18. Bxd6 Rfe8 19. Nce4 Bd4 20. Rc1 Nxf2 21. Nxf2 Re2 22. Rf3 Rxd2 23. Qe4 Qxb2 24. Re1 Rxf2 25. Qe8+ Rxe8 26. Rxe8+ Kg7 27. Bf8+ Kg8 28. Bh6# 1-0

[Event "Santiago de Compostela Bicapawn GP B2"]
[Site "Santiago de Compostela"]
[Date "2022.10.20"]
[Round "7"]
[White "Gonzalez Perez, Arian"]
[Black "Bacallao Alonso, Yusnel"]
[Result "0-1"]
[WhiteElo "2400"]
[BlackElo "2590"]
[PlyCount "53"]
[EventDate "2022.10.20"]
[EventType "swiss (blitz)"]
[EventRounds "9"]
[EventCountry "ESP"]
[SourceTitle "CBM 210 Extra"]
[Source "ChessBase"]
[SourceDate "2022.11.30"]
[SourceVersion "1"]
[SourceVersionDate "2022.11.30"]
[SourceQuality "1"]

1. d4 d5 2. c4 e6 3. Nc3 c5 4. cxd5 exd5 5. Nf3 Nc6 6. g3 Nf6 7. Bg2 cxd4 8. Nxd4 Bc5 9. Nb3 Bb6 10. 0-0 d4 11. Na4 0-0 12. Bg5 Re8 13. Nxb6 axb6 14. Bxf6 Qxf6 15. Bxc6 bxc6 16. Qxd4 Qxd4 17. Nxd4 c5 18. Nb5 Rxe2 19. Rfe1 Rxa2 20. Rxa2 Rxe1+ 21. Kg2 Bb7+ 22. Kh3 h5 23. f4 Re2 24. Nd6 Bd5 25. Ra7 Rxb2 26. f5 Rd2 27. Ne8 0-1